Ecological isolation in birds

Salvato in:
Dettagli Bibliografici
Autore principale: Lack, David (Autore)
Natura: Libro
Lingua:inglese
Pubblicazione: Londres Blackwell Scientific 1971
Soggetti:
Tags: Aggiungi Tag
Nessun Tag, puoi essere il primo ad aggiungerne!!

MARC

LEADER 00000nam a2200000 a 4500
001 UCU2961
003 CL-VaPUC
008 960502e19710000UK |||||||||||||||||eng|d
082 0 4 |a 598  |b LAC  |2 21 
100 |a Lack, David  |e author  |9 406546 
245 1 0 |a Ecological isolation in birds 
300 |a 404 p 
942 |c BK 
945 |d 19960502 00:00:00  |a rleighto 
260 |a Londres  |b Blackwell Scientific  |c 1971 
650 0 |a Aves  |9 262192 
650 7 |a ECOLOGIA ANIMAL  |2 CL-VaPUC  |9 359577 
650 7 |a ECOSISTEMAS AEREOS  |2 CL-VaPUC  |9 359578 
650 0 |a Zoología  |9 261613 
650 7 |a HABITAT  |2 CL-VaPUC  |9 267395 
650 0 |a Ornitología  |9 269493 
583 |a last modification  |c 19960502 00:00:00  |k Rodrigo Vera 
999 |c 247115  |d 247113 
952 |0 0  |1 0  |4 0  |6 598_000000000000000_LAC_1971  |7 0  |8 A  |9 262724  |a BIBCUR  |b BIBCUR  |d 2019-11-19  |i 3195457  |l 1  |o 598 LAC 1971  |p 3195457  |r 2025-04-22  |s 2022-11-22  |w 2019-11-19  |y BK  |k BCB